Aid for trade in action.
| Corporate Author: | |
|---|---|
| Format: | Book |
| Published: |
Paris Cedex:
OECD Publications,
2013.
|
| Subjects: |
| LEADER | 00500cam a2200157 7i4500 | ||
|---|---|---|---|
| 001 | 0000031857 | ||
| 005 | 20141124090000.0 | ||
| 020 | 0 | 0 | |a 9789264201446 |
| 090 | 0 | 0 | |a I 338.9 |b WOR |
| 110 | 2 | 0 | |a World Trade Organization (WTO) |
| 245 | 1 | 0 | |a Aid for trade in action. |
| 260 | 0 | 0 | |a Paris Cedex: |b OECD Publications, |c 2013. |
| 300 | # | # | |a 141 p. |
| 650 | 0 | 0 | |a Economic assistance -- |x Developing countries |
| 650 | 0 | 0 | |a Developing countries -- |x Business |
| 999 | |a 0000034872 |b Book |c International |e Business Information Centre | ||


